banner-ar

WE THE PEOPLE : (Record no. 4736)

MARC details
000 -الفاتح
حقل البيانات ثابتة الطول 00565nam a2200157Ia 4500
008 - عناصر البيانات ثابتة الطول - معلومات عامة
حقل البيانات ثابتة الطول 140319s9999 xx 000 0 eng d
040 ## - مصدر الفهرسة
وكالة الفهرسة الأصلية GCL /
وكالة النسخ GCL
082 04 - رقم تصنيف ديوى العشرى
رقم التصنيف 342.73029
رقم المادة C W
245 10 - بيان العنوان
العنوان WE THE PEOPLE :
بقية العنوان THE COMMISSION ON THE BICENTENNIAL OF THE UNITED STATES CONSTITUTION, 1985 - 1992 : FINAL REPORT
260 ## - PUBLICATION, DISTRIBUTION, ETC. (IMPRINT)
تاريخ النشر أو التوزيع 1998
300 ## - الوصف المادى
التعداد 31 CM ؛
أبعاد الوعاء XX1, 326 P
650 04 - المدخل الاضافى بالموضوع-مصطلح موضوعى
مصطلح موضوعي UNITED STATES - CONSTITUTIONAL BICENTENNIAL
650 04 - المدخل الاضافى بالموضوع-مصطلح موضوعى
مصطلح موضوعي UNITED STATES - CONSTITUTION HISTORY
942 ## - عناصر المدخل الإضافي( كوها)
مصدر التصنيف او مخطط الترفيف Dewey Decimal Classification
Koha [default] item type كتاب
260 ## - PUBLICATION, DISTRIBUTION, ETC. (IMPRINT)
-- [S.N] :
-- UNITED STATES RESEARCH INSTITUTE FOR SOC ،
Holdings
حالة التراجع حالة الفقد حالة تلف ليس للاعارة المكان المؤقت الموقع الحالى تاريخ الاكتساب اجمالي اﻻعارات رقم الطلب الباركود تاريخ اخر مشاهدة تاريخ تفعيل السعر نوع وعاء كوها
        مكتبة القاهرة الكبرى مكتبة القاهرة الكبرى 03/26/2014   342.73029\C W 10663 03/26/2014 03/26/2014 كتاب

Powered By

EGPV